000
00431nam a2200157Ia 4500
008
100204s9999 xx 000 0 und d
082
_b
29296
100
_a
औरंगाबादकर अनुराधा
245
_a
गोंदण गप्पा
250
_a
0
260
_c
2009
300
_a
240
630
_a
गोंदण गप्पा
730
_a
गोंदण गप्पा
942
_c
BOOK
999
_c
474551
_d
474548